| 000 | 01244cam a2200361 i 4500 | ||
|---|---|---|---|
| 001 | 19176961 | ||
| 003 | OSt | ||
| 005 | 20230902160520.0 | ||
| 008 | 160714s2018 at a 001 0 eng | ||
| 010 | _a 2016947876 | ||
| 020 |
_a9781337091985 _q(paperbound) |
||
| 020 | _a1337091987 | ||
| 040 |
_aDLC _beng _erda _cDLC |
||
| 042 | _apcc | ||
| 050 | 0 | 0 |
_aHB172.5 _b.M355 2018 |
| 082 |
_a339 _bMAN/B |
||
| 100 |
_aMankiw, N Gregory _eauthor. _9458 |
||
| 245 | 1 | 0 |
_aBrief principles of macroeconomics / _cN. Gregory Mankiw. |
| 250 | _aEighth Edition. | ||
| 264 | 1 |
_aAustralia : _bCengage Learning, _c[2018] |
|
| 300 |
_axxviii, 448 pages : _billustrations (chiefly color) ; _c26 cm |
||
| 336 |
_atext _btxt _2rdacontent |
||
| 336 |
_astill image _bsti _2rdacontent |
||
| 337 |
_aunmediated _bn _2rdamedia |
||
| 338 |
_avolume _bnc _2rdacarrier |
||
| 500 | _aRevised edition of the author's Brief principles of macroeconomics, [2015] | ||
| 500 | _aIncludes index. | ||
| 650 | 0 |
_aMacroeconomics _vTextbooks. |
|
| 906 |
_a7 _bcbc _corigres _d2 _encip _f20 _gy-gencatlg |
||
| 942 |
_2ddc _cBK _h339 _iMAN/B _k339 _mMAN/B |
||
| 999 |
_c42090 _d42090 |
||